Sovonthak Atolls (Map) - Statistics

General Stats
  • This quiz has been taken 7 times
  • The average score is 7 of 10
Answers on the Map
Answers color-coded by a green-red scale on the quiz's map according to % correct below.
 
Answer Stats
Atoll % Correct
SotSot
100%
Baia Trey
75%
Baia Trey
75%
MuKubuk
75%
Treichleam
75%
Treichleam
75%
Antak
50%
Baksai
50%
Phsaaot
50%
Santo Chay
50%
No matching quizzes found
Score Distribution
Percent of People with Each Score
Percentile by Number Answered
Your Score History
You have not taken this quiz